000 00591nam a22001817a 4500
005 20231122090653.0
008 231122b |||||||| |||| 00| 0 eng d
020 _a0702133809
041 _aEnglish
082 _a342 NAL
100 _aNaldi, GJ
_lEnglish
245 _aConstitutional Rights in Namibia :
_bA Comparative Analysis with International Human Rights /
_cGJ Naldi
250 _aFirst Edition
260 _aCape Town :
_bJuta and Company Ltd,
_c1995
300 _bxxv, 109 pages ;
_c25 cm.
650 _aLegal practice
_bLaw
942 _cBK
_6ALISON_BN_VRIES
999 _c859
_d859